000 01095nam a2200265 4500
003 OSt
005 20260530113918.0
008 260508b1970 sz ||||| |||| 00| 0 eng d
040 _aICI
_bspa
_cICI
_erda
050 0 0 _aHF5770
_bH47 1970
100 1 _aHerdeg, Walter,
_d1908-1995,
_eeditor.Herdeg, Walter,
_934280
245 1 0 _aPackaging 2 :
_ban international survey of package design = Packungen : ein internationaler Uberblick uber die Packungsgestaltung = Emballages : un repertoire international des formes de l'emballage /
_cedited by Walter Herdeg.
264 1 _aZurich :
_b The Graphis Press,
300 _a271 páginas :
_b ilustraciones (algunas a color) ;
336 _2rdacontent
_atexto
337 _2rdamedia
_asin medio
338 _2rdacarrier
_avolumen
490 0 _aPublication / Graphis Press ;
_vno. 120
500 _aTexto en inglés, alemán y francés.
500 _aIncluye índices de diseñadores, agencias y clientes.
650 4 _aEmpaque
_xDiseño.
_934281
650 4 _aEmbalaje
_x Diseño.
_934282
710 2 _aGraphis Press.
_934283
942 _2lcc
_n1
_cBK
999 _c12341
_d12341